| 000 | 00737nam a22002297a 4500 | ||
|---|---|---|---|
| 005 | 20230323082036.0 | ||
| 008 | 230323b |||||||| |||| 00| 0 eng d | ||
| 020 | _a0-312-99545-8 | ||
| 082 | _aFic. L945 2004 | ||
| 100 |
_aLudlum, Robert _eauthor |
||
| 245 |
_aRobert Ludlum's the altman code / _cseries created by Robert Ludlum; ad written by Gayle Lynds |
||
| 260 |
_aNew York: _bSt. Martin Paperback, _cc2004 |
||
| 300 | _a488p. | ||
| 490 | _acovert one; book 4 | ||
| 541 | _e5527 | ||
| 650 | _aConspiracies - Fiction | ||
| 650 | _aAmericans - China - Fiction | ||
| 650 | _aSpy stories | ||
| 650 | _aSmith, Jon (Fictitious character) - Fiction | ||
| 650 | _aIntelligence officers - Fiction | ||
| 700 |
_aLynds, Gayle _eauthor |
||
| 999 |
_c1980 _d1980 |
||